Podnikateľský plán vybraného podniku bakalárska práca

Guardado en:
Detalles Bibliográficos
Autor principal: Pilčíková, Daniela
Autor Corporativo: Fakulta podnikového manažmentu EU. Katedra manažmentu
Otros Autores: Zagoršek, Branislav, 1984-
Formato: Libro
Lenguaje:eslovaco
Publicado: Bratislava 2022
Etiquetas: Agregar Etiqueta
Sin Etiquetas, Sea el primero en etiquetar este registro!

MARC

LEADER 00000nbm a2200000 4500
001 0285344
005 20230221142913.9
041 0 |a slo 
044 |a SK 
245 1 0 |a Podnikateľský plán vybraného podniku  |b bakalárska práca  |c Daniela Pilčíková ; školiteľ: Branislav Zagoršek 
264 1 |a Bratislava  |c 2022 
300 |a 57 s. 
100 1 |a Pilčíková, Daniela 
700 1 |a Zagoršek, Branislav, 1984- 
710 2 |a Fakulta podnikového manažmentu EU. Katedra manažmentu